000 00230nam a22000857a 4500
008 160816b xxu||||| |||| 00| 0 eng d
100 _9135
_aChhibber S.N
245 _aBasic Mathematics-VIII
260 _aNew Delhi
_bFrank publication
_c2012
999 _c2790
_d2790